US States from North to South - Statistics

General Stats
  • This quiz has been taken 1,122 times
  • The average score is 28 of 50
Answer Stats
Degrees North State % Correct
71 50' Alaska
100%
49 00' Washington
86%
49 23' Minnesota
85%
49 00' Idaho
81%
49 00' Montana
81%
49 00' North Dakota
80%
48 18' Michigan
79%
47 28' Maine
78%
47 05' Wisconsin
73%
46 18' Oregon
68%
45 18' New Hampshire
67%
45 56' South Dakota
66%
45 01' Vermont
66%
28 27' Hawaii
65%
45 01' New York
65%
31 00' Florida
64%
45 00' Wyoming
58%
43 30' Iowa
56%
33 01' Louisiana
54%
42 53' Massachusetts
53%
35 00' Alabama
52%
43 00' Nebraska
52%
34 59' Georgia
51%
42 16' Pennsylvania
51%
42 30' Illinois
50%
42 03' Connecticut
49%
35 00' Mississippi
49%
41 59' Ohio
49%
42 01' Rhode Island
49%
42 00' California
48%
42 00' Utah
48%
36 30' Texas
47%
41 46' Indiana
46%
42 00' Nevada
46%
35 13' South Carolina
46%
41 00' Colorado
44%
41 21' New Jersey
43%
37 00' New Mexico
43%
37 00' Arizona
42%
36 30' Arkansas
42%
40 00' Kansas
42%
36 35' North Carolina
42%
37 00' Oklahoma
42%
39 43' Maryland
41%
36 41' Tennessee
41%
39 28' Virginia
41%
40 39' West Virginia
41%
39 09' Kentucky
40%
40 37' Missouri
40%
39 50' Delaware
39%
No matching quizzes found
Score Distribution
Percent of People with Each Score
Percentile by Number Answered
Your Score History
You have not taken this quiz